ბათუმის შოთა რუსთაველის სახელმწიფო უნივერსიტეტის ბიბლიოთეკა

არგონავტიკა / (ბიბ.ჩანაწერი № 55936)

000 -ლიდერი
ფიქსირებული სიგრძის საკონტროლო ველი 01385nam a2200241Ia 4500
001 - საკონტროლო ნომერი
საკონტროლო ველი 23035
003 - საკონტროლო ნომრის იდენტიფიკატორი
საკონტროლო ველი GE_BSU
005 - ბოლო ოპერაციის თარიღი და დრო
საკონტროლო ველი 20230426170821.0
008 - ფიქსირებული სიგრძის მონაცემთა ელემენტები - ზოგადი ინფორმაცია
ფიქსირებული სიგრძის საკონტროლო ველი 181216s1970ge xx |||||||||||||| ||geo||
040 ## - კატალოგიზაციის წყარო
Transcribing agency GE_BSU
041 ## - ენის კოდი
Language code of text/sound track or separate title geo
080 ## - უნივერსალური ათობითი კლასიფიკაციის ინდექსი
Universal Decimal Classification number 821.14 რ-73
100 ## - მთავარი ჩანაწერი - პიროვნების სახელი
Personal name როდოსელი, აპოლონიოს
9 (RLIN) 17826
245 ## - ცნობა სათაურის შესახებ
Title არგონავტიკა /
Statement of responsibility, etc აპოლონ როდოსელი, ბერძნ. ტექსტი ქართ. თარგმ. გამოსცა, შესავ., კომენტ. და საძიებლები დაურთო აკ. ურუშაძემ.
264 ## - წარმოების, გამოცემის, დისტრიბუციის და სხვა ცნობები
გამოცემის, წარმოების, დისტრიბუციის... ადგილი თბილისი :
გამოცემის, წარმოების, დისტრიბუციის... სახელწოდება მეცნიერება,
გამოცემის, წარმოების, დისტრიბუციის... თარიღი 1970.
300 ## - ფიზიკური აღწერა
Extent 396 გვ. ;
Other physical details 22 სმ.
501 ## - შენიშვნა თანმხლებ მასალაზე
With note კომენტარები გვ: 342-358. პირთა, ეთნიკურ და გეოგრაფიულ სახელთა საძიებელი განმარტებითურთ გვ.: 359-396.
653 ## - INDEX TERM--UNCONTROLLED
Uncontrolled term არგონავტიკა
653 ## - INDEX TERM--UNCONTROLLED
Uncontrolled term არგონავტიკა. კოლხეთის ისტორიის ლიტერატურული წყაროები.
700 ## - ADDED ENTRY--PERSONAL NAME
Personal name ურუშაძე, აკაკი
Relator term მთარგმნელი
9 (RLIN) 17827
942 ## - ADDED ENTRY ELEMENTS (KOHA)
Koha item type წიგნი
Source of classification or shelving scheme
ეგზემპლარები
ჩამოწერის სტატუსი დაკარგული ეგზემპლარის სტატუსი კლასიფიკაციის წყარო ან თაროზე გაწყობის სქემა დაზიანების სტატუსი არ გაიცემა მუდმივი მდებარეობა (დაცვის ადგილი) ამჟამინდელი ადგილსამყოფელი თაროზე განთავსების ადგილი შეძენის თარიღი ღირებულება, შესყიდვის ნორმალური ფასი სრული შენახვის შიფრი შტრიხკოდი ბოლო ოპერაციის თარიღი ეგზემპლარის მიმდევრობითი ნომერი (კეტერი?) ფასის ძალაში შესვლის თარიღი ეგზემპლარის სახეობა საჯარო შენიშვნა Uniform Resource Identifier
          ბათუმის შოთა რუსთაველის სახელმწიფო უნივერსიტეტის მთავარი ბიბლიოთეკა ბათუმის შოთა რუსთაველის სახელმწიფო უნივერსიტეტის მთავარი ბიბლიოთეკა წიგნსაცავი 2018-12-17 3.00 821.14 რ-73 58451 2018-12-17 58451 2018-12-17 წიგნი 3 ლ. 92 თ.  
          ბათუმის შოთა რუსთაველის სახელმწიფო უნივერსიტეტის მთავარი ბიბლიოთეკა ბათუმის შოთა რუსთაველის სახელმწიფო უნივერსიტეტის მთავარი ბიბლიოთეკა წიგნსაცავი 2023-04-26 6.00 821.14 რ-73 64316 2023-04-26 64316 2023-04-26 წიგნი 6.00 ბსუ-ს საპატიო დოქტორის გურამ ლორთქიფანიძის საჩუქარი